The best of lighting design

Uloženo v:
Podrobná bibliografie
Hlavní autor: Jankowski, Wanda (Autor)
Médium: Kniha
Jazyk:angličtina
Vydáno: Nueva York PBC International 1987
Témata:
Tagy: Přidat tag
Žádné tagy, Buďte první, kdo vytvoří štítek k tomuto záznamu!

MARC

LEADER 00000nam a2200000 a 4500
001 UCV6400
003 CL-VaPUC
005 20240603121737.0
008 920304e19870000US |||||||||||||||||eng|d
999 |c 212491  |d 212489 
040 |c Pontificia Universidad Católica de Valparaíso 
082 0 4 |a 729.28  |b JAN  |2 21 
100 0 |a Jankowski, Wanda  |e author  |9 300590 
245 1 4 |a The best of lighting design 
260 |a Nueva York  |b PBC International  |c 1987 
300 |a 256 p 
583 |a last modification  |c 19920304 00:00:00  |k Rodrigo Vera 
650 0 |a iluminación arquitectónica y decorativa  |2 CL-VaPUC  |9 300588 
650 0 |a iluminación   |x diseño y construcción  |9 889198 
650 7 |a decoración de interiores   |2 CL-VaPUC  |9 263422 
942 |c BK  |2 ddc 
945 |d 19920304 00:00:00 
952 |0 0  |1 0  |4 0  |6 729_280000000000000_JAN_1987  |7 0  |8 A  |9 193523  |a BIBING  |b BIBING  |d 2019-11-14  |i 2614170  |o 729.28 JAN 1987  |p 2614170  |r 2025-01-20  |w 2019-11-14  |y BK  |k EIE